000
00327nam a22001337a 4500
003
MACL
005
20170607132030.0
008
170607b xxu||||| |||| 00| 0 eng d
040
_c
MACL
100
_a
Narain Sunita
_9
67351
245
_a
Environmental History Reader
260
_a
New Delhi
_b
Sunita Narayan
942
_2
ddc
_c
BK
999
_c
56461
_d
56461